Online Catalogue and eLibrary

Les miserables (Record no. 4436)

MARC details
000 -LEADER
fixed length control field 00450nam a2200157Ia 4500
005 - DATE AND TIME OF LATEST TRANSACTION
control field 20241127040846.0
008 - FIXED-LENGTH DATA ELEMENTS--GENERAL INFORMATION
fixed length control field 240331s9999 xx 000 0 und d
020 ## - INTERNATIONAL STANDARD BOOK NUMBER
ISBN 0333914263
082 ## - DDC Classification
Item Number - Author Mark HUG
Class No. 894
100 ## - MAIN ENTRY--PERSONAL NAME
Personal name Hugo, V
245 #0 - TITLE STATEMENT
Title Les miserables
260 ## - PUBLICATION, DISTRIBUTION, ETC.
Place of publication, distribution, etc. India
Name of publisher, distributor, etc. Macmillan India Limited
Date of publication, distribution, etc. 1971
300 ## - PHYSICAL DESCRIPTION
Extent (e.g. Volumes, Pages etc.) 143 p .,
500 ## - GENERAL NOTE
General note A Collection of titles from great world literature carefully selected for two levels of reading
942 ## - Koha item type (Biblio)
Koha item type Books in Stacks (Lending)
Holdings
Lost status Damaged status Collection code Home library Current library Shelving location Date acquired Full call number Accession Number Item type
    Lending WERC Library WERC Library Social Science Cupboard 03/31/2024 820 HUG 6381 Books in Stacks (Lending)

© WERC Library